Welcome to the Holygrace Academy Library

Please use search bar below to get started

WORD POWER MADE EASY (Record no. 3864)

MARC details
000 -LEADER
fixed length control field 00271nam a22001337a 4500
020 ## - INTERNATIONAL STANDARD BOOK NUMBER
ISBN 8183071007
082 ## - DEWEY DECIMAL CLASSIFICATION NUMBER
Classification number 425
Item number LEW/W
100 ## - MAIN ENTRY--AUTHOR NAME
Personal name LEWIS,NORMAN
245 ## - TITLE STATEMENT
Title WORD POWER MADE EASY
260 ## - PUBLICATION, DISTRIBUTION, ETC. (IMPRINT)
Name of publisher GOYAL PUBLISHERS
300 ## - PHYSICAL DESCRIPTION
Number of Pages 16
650 ## - SUBJECT ADDED ENTRY--TOPICAL TERM
Topical Term VOCABULARY
942 ## - ADDED ENTRY ELEMENTS (KOHA)
Koha item type Books
Holdings
Withdrawn status Lost status Collection code Home library Current library Shelving location Date acquired Source of acquisition Full call number Accession Number Koha item type
    Reference Main Library Main Library SHELF-16C -ENGLISH GRAMMAR SYNONYMS7ANTONYMS,LETTERS, ETC 07/11/2016 PURCHASE 425 LEW/W 09802 Books
    Reference Main Library Main Library SHELF-16C -ENGLISH GRAMMAR SYNONYMS7ANTONYMS,LETTERS, ETC 11/05/2015 PURCHASE 425 LEW/W 01696 Books